000 00799nam a2200193 a 4500
008 200827s2008 ||||||||||||||||| || u
020 _a9780521896825
050 _aQC 981.8 Fac
100 _aGautier, Catherine
245 1 0 _aFacing climate change together
_cby Catherine Gautier and Jean-Louis Fellous
260 _aCambridge
_bCambrigde University Press
_c2008
650 _aNATURE--EFFECTS OF HUMAN BEINGS ON
650 _aGLOBAL TEMPERATURE CHANGES
650 _aHYDROLOGIC CYCLE
650 _aCLIMATIC CHANGES --ECONOMIC ASPECTS
650 _aATMOSPHERIC CHEMISTRY--ENVIRONMENTAL ASPECTS
700 _aFellous, Jean-Louis
995 _D40.80
_FCBU-MAIN LIBRARY (Kitwe)
_M1
_UAVAILABLE
_WAug 27, 2020
_ZMain Library Open Access Collection
999 _c43064
_d43064